000
00288nam a2200133Ia 4500
100
_a
Narayan/S/ Venkatesan/K
942
_c
BK
654
_a
Maths
245
_a
Engineering Mathematics I
260
_b
S.Chand & co
_a
NewDelhi
_c
1968
082
_a
510
300
_a
496
546
_a
ENGLISH
999
_c
29373
_d
29373